[Event "24. Torneo Colllado Villalba"]
[Site "Collado Villalba ESP"]
[Date "2007.08.25"]
[Round "3.13"]
[White "Suba, Mihai"]
[Black "Martin Martin, Luis Vicente"]
[Result "1-0"]
[WhiteElo "2525"]
[BlackElo "2110"]
[PlyCount "95"]
[EventDate "2007.08.23"]
[EventType "swiss"]
[EventRounds "9"]
[EventCountry "ESP"]
[Source "lmi"]
[SourceDate "2007.08.23"]

1. c4 e5 2. Nc3 Nf6 3. Nf3 Nc6 4. e3 d5 5. cxd5 Nxd5 6. Bb5 Nxc3 7. bxc3 Bd6 8.
d4 Bd7 9. O-O e4 10. Nd2 O-O 11. Nxe4 Bxh2+ 12. Kxh2 Qh4+ 13. Kg1 Qxe4 14. Bd3
Qh4 15. Rb1 Na5 16. Qf3 Qg4 17. Qxg4 Bxg4 18. e4 b6 19. f3 Be6 20. d5 Rad8 21.
g4 c6 22. c4 Bc8 23. Ba3 Rfe8 24. Bb4 Nb7 25. Rfd1 c5 26. Bc3 f6 27. a4 Rd6 28.
Rb2 Bd7 29. Ra1 Nd8 30. a5 Nf7 31. axb6 axb6 32. Kf2 Ne5 33. Be2 Rb8 34. Kg3 g5
35. Ra7 Kf7 36. Bxe5 fxe5 37. Bd1 Kg6 38. Ba4 Bxa4 39. Rxa4 Rd7 40. Rba2 h5 41.
gxh5+ Kxh5 42. Ra7 Rxa7 43. Rxa7 b5 44. cxb5 Rxb5 45. Rh7+ Kg6 46. Re7 Kf6 47.
Re6+ Kf7 48. Kg4 1-0

[Event "24. Torneo Colllado Villalba"]
[Site "Collado Villalba ESP"]
[Date "2007.08.25"]
[Round "3.14"]
[White "Safranska, Anda"]
[Black "Cruz Condori, Alfredo"]
[Result "1/2-1/2"]
[WhiteElo "2301"]
[BlackElo "2149"]
[PlyCount "69"]
[EventDate "2007.08.23"]
[EventType "swiss"]
[EventRounds "9"]
[EventCountry "ESP"]
[Source "lmi"]
[SourceDate "2007.08.23"]

1. g3 d5 2. Nf3 c5 3. Bg2 Nc6 4. O-O Nf6 5. d3 b5 6. Nbd2 Rb8 7. e4 dxe4 8.
dxe4 e5 9. a4 a6 10. axb5 axb5 11. Re1 c4 12. Qe2 Bc5 13. c3 Ng4 14. Rf1 O-O
15. h3 Nf6 16. Nh4 g6 17. Kh2 Nh5 18. Nf5 Qc7 19. Nh6+ Kh8 20. Nf3 Na5 21. Be3
Nb3 22. Bxc5 Nxc5 23. Qe3 Na4 24. Qe2 f6 25. Ng4 Bb7 26. Qc2 Rbd8 27. Rad1 Nc5
28. Ng1 Rd3 29. Qe2 Rfd8 30. f3 Nb3 31. Rxd3 Rxd3 32. Rd1 Qd6 33. Nf2 Rxd1 34.
Qxd1 Qxd1 35. Nxd1 1/2-1/2

[Event "24. Torneo Colllado Villalba"]
[Site "Collado Villalba ESP"]
[Date "2007.08.25"]
[Round "3.15"]
[White "Lorite Cruz, Francisco"]
[Black "Martin Mesa, Jose Maria"]
[Result "1-0"]
[WhiteElo "2159"]
[BlackElo "2102"]
[PlyCount "55"]
[EventDate "2007.08.23"]
[EventType "swiss"]
[EventRounds "9"]
[EventCountry "ESP"]
[Source "lmi"]
[SourceDate "2007.08.23"]

1. d4 Nf6 2. c4 e5 3. dxe5 Ng4 4. e4 Nxe5 5. f4 Nec6 6. Be3 Bb4+ 7. Nc3 Qe7 8.
Qf3 Bxc3+ 9. bxc3 O-O 10. Bd3 f5 11. exf5 d6 12. Ne2 Bxf5 13. Bxf5 Rxf5 14. O-O
Qf7 15. Rab1 Nd7 16. Ng3 Ra5 17. Rxb7 Nc5 18. Rb5 Qe8 19. Bxc5 dxc5 20. Qd5+
Kh8 21. Rxa5 Nxa5 22. Qxc5 Qa4 23. Qxc7 Nxc4 24. Nh5 Rg8 25. Re1 Qxa2 26. h3
Qd2 27. Re8 Qxc3 28. Qf7 1-0

[Event "24. Torneo Colllado Villalba"]
[Site "Collado Villalba ESP"]
[Date "2007.08.25"]
[Round "3.16"]
[White "Martinez Rodriguez, Pablo"]
[Black "Barahona Torrijos, Angel"]
[Result "1-0"]
[WhiteElo "2304"]
[BlackElo "2014"]
[PlyCount "93"]
[EventDate "2007.08.23"]
[EventType "swiss"]
[EventRounds "9"]
[EventCountry "ESP"]
[Source "lmi"]
[SourceDate "2007.08.23"]

1. d4 d5 2. Nf3 Nc6 3. c4 e5 4. Nxe5 Nxe5 5. dxe5 Bb4+ 6. Nd2 c5 7. a3 Bxd2+ 8.
Bxd2 d4 9. e3 Ne7 10. exd4 Qxd4 11. Bc3 Qe4+ 12. Qe2 Bf5 13. Qxe4 Bxe4 14. f3
Bg6 15. Rd1 Rd8 16. Rxd8+ Kxd8 17. Be2 Nc6 18. Kf2 Bc2 19. b4 b6 20. Rc1 Bf5
21. g4 Be6 22. bxc5 bxc5 23. f4 g6 24. Rb1 Kc7 25. Ke3 h5 26. gxh5 gxh5 27. Rb5
Rb8 28. Rxb8 Kxb8 29. Bxh5 Bxc4 30. Bf3 Ne7 31. Be4 Be6 32. Ba5 Nf5+ 33. Kd3
Nh6 34. Bd8 Kc8 35. Be7 Ng4 36. Bxc5 Nxh2 37. Bxa7 Ng4 38. Bd4 Nh6 39. a4 Kb8
40. a5 Bf5 41. a6 Bxe4+ 42. Kxe4 Ng8 43. Bc5 Nh6 44. f5 Kc7 45. Kf4 Kb8 46. Kg5
Ng8 47. e6 1-0

[Event "24. Torneo Colllado Villalba"]
[Site "Collado Villalba ESP"]
[Date "2007.08.25"]
[Round "3.17"]
[White "Zanoletti Garcia, David"]
[Black "Semprun Martinez, Fernando"]
[Result "1-0"]
[WhiteElo "2009"]
[BlackElo "2155"]
[PlyCount "54"]
[EventDate "2007.08.23"]
[EventType "swiss"]
[EventRounds "9"]
[EventCountry "ESP"]
[Source "lmi"]
[SourceDate "2007.08.23"]

1. d4 Nf6 2. c4 g6 3. Nc3 d5 4. cxd5 Nxd5 5. e4 Nxc3 6. bxc3 Bg7 7. Rb1 O-O 8.
Be3 c5 9. Qd2 a6 10. Nf3 Qa5 11. Rc1 cxd4 12. cxd4 Qxd2+ 13. Kxd2 e6 14. Bc4
Nc6 15. Rhd1 Bd7 16. Ke1 Na5 17. Be2 Rfc8 18. Bd2 Nc6 19. Bc3 Bh6 20. Rb1 Nd8
21. Bd2 Bf8 22. Ne5 Ba4 23. Rdc1 Bc2 24. Rb2 Bxe4 25. Rxc8 Rxc8 26. f3 Rc2 27.
Rxc2 Bxc2 1-0

[Event "24. Torneo Colllado Villalba"]
[Site "Collado Villalba ESP"]
[Date "2007.08.25"]
[Round "3.18"]
[White "Cao Armillas, Jesus"]
[Black "Pardo Robles, Jose Manuel"]
[Result "1-0"]
[WhiteElo "2153"]
[BlackElo "2005"]
[PlyCount "60"]
[EventDate "2007.08.23"]
[EventType "swiss"]
[EventRounds "9"]
[EventCountry "ESP"]
[Source "lmi"]
[SourceDate "2007.08.23"]

1. d4 Nf6 2. c4 g6 3. Nc3 Bg7 4. g3 O-O 5. Bg2 d6 6. Nf3 Nc6 7. d5 Na5 8. Nd2
c5 9. O-O Bd7 10. Qc2 a6 11. b3 Rb8 12. Bb2 b5 13. Nd1 Bh6 14. f4 bxc4 15. bxc4
e6 16. e4 e5 17. fxe5 Ng4 18. exd6 Ne3 19. Qc3 Rxb2 20. Nxb2 Nxf1 21. Rxf1 Nb7
22. e5 Bg7 23. Qb3 Qc8 24. Nd3 Bf5 25. Be4 Bh3 26. Re1 Re8 27. Bg2 Bxg2 28.
Kxg2 Nd8 29. Qa4 Rf8 30. Ne4 Nb7 1-0

[Event "24. Torneo Colllado Villalba"]
[Site "Collado Villalba ESP"]
[Date "2007.08.25"]
[Round "3.19"]
[White "Ivanovitch Balsinde, Nicolas"]
[Black "Avendaño Mateos, Jose"]
[Result "1-0"]
[WhiteElo "2151"]
[BlackElo "1998"]
[PlyCount "76"]
[EventDate "2007.08.23"]
[EventType "swiss"]
[EventRounds "9"]
[EventCountry "ESP"]
[Source "lmi"]
[SourceDate "2007.08.23"]

1. e4 c6 2. d4 d5 3. exd5 cxd5 4. c4 Nf6 5. Nc3 Nc6 6. Nf3 e6 7. cxd5 Nxd5 8.
Bd3 Be7 9. O-O Bf6 10. Be4 Nxc3 11. bxc3 O-O 12. Re1 Qa5 13. Qc2 g6 14. Rb1 Rd8
15. Bf4 Kg7 16. Ne5 Nxe5 17. dxe5 Be7 18. Re3 Rb8 19. g4 b5 20. Qc1 Qa3 21. Qf1
g5 22. Rh3 Rh8 23. Be3 Ba6 24. Bxa7 Rbd8 25. Bd3 Rd5 26. c4 bxc4 27. Be4 c3 28.
Qe1 Rd2 29. Qc1 Qxc1+ 30. Rxc1 Bb4 31. Be3 Rxa2 32. Bxg5 Kf8 33. Rd1 Rd2 34.
Rb1 Rb2 35. Rxb2 cxb2 36. Rb3 Be7 37. Bh6+ Ke8 38. Rb8+ Bd8 1-0

[Event "24. Torneo Colllado Villalba"]
[Site "Collado Villalba ESP"]
[Date "2007.08.25"]
[Round "3.20"]
[White "Huguet Mainar, Sergio"]
[Black "De Nacimiento Montaño, Antonio"]
[Result "0-1"]
[WhiteElo "2134"]
[BlackElo "1992"]
[PlyCount "96"]
[EventDate "2007.08.23"]
[EventType "swiss"]
[EventRounds "9"]
[EventCountry "ESP"]
[Source "lmi"]
[SourceDate "2007.08.23"]

1. d4 g6 2. c4 Bg7 3. Nc3 c5 4. d5 Bxc3+ 5. bxc3 Qa5 6. Qd3 f5 7. g3 Nf6 8. Bg2
d6 9. Nh3 Nbd7 10. f4 Nb6 11. Ng5 Na4 12. Ne6 Bxe6 13. dxe6 Rb8 14. O-O Qxc3
15. Bd2 Qxd3 16. exd3 Kd8 17. Rfb1 Kc7 18. Rb3 a6 19. Rab1 d5 20. cxd5 b5 21.
Re1 Kb6 22. d6 exd6 23. e7 Kc7 24. Ba5+ Kd7 25. Bd8 Re8 26. d4 c4 27. Rbe3 Nb6
28. Re6 Nbd5 29. h3 b4 30. g4 Rb5 31. g5 Nh5 32. Bf1 Nhxf4 33. Rf6 Nxe7 34.
Bxe7 Rxe7 35. Rc1 d5 36. Rxa6 Ne6 37. Ra7+ Ke8 38. Ra8+ Kf7 39. h4 Nxd4 40.
Rxc4 Nf3+ 41. Kf2 Nd2 42. Rcc8 Nxf1 43. Kxf1 Ke6 44. Rc6+ Ke5 45. h5 gxh5 46.
Rh6 Kf4 47. Rxh5 Kg4 48. Rh2 Kxg5 0-1

[Event "24. Torneo Colllado Villalba"]
[Site "Collado Villalba ESP"]
[Date "2007.08.25"]
[Round "3.21"]
[White "Erice Alonso, Santiago"]
[Black "Camarero Izquierdo, Juan Carlos"]
[Result "1-0"]
[WhiteElo "2131"]
[BlackElo "1981"]
[PlyCount "89"]
[EventDate "2007.08.23"]
[EventType "swiss"]
[EventRounds "9"]
[EventCountry "ESP"]
[Source "lmi"]
[SourceDate "2007.08.23"]

1. c4 e5 2. g3 Nf6 3. Bg2 Bc5 4. Nc3 O-O 5. e3 Re8 6. d3 c6 7. a3 a5 8. Na4 Na6
9. Ne2 Ba7 10. O-O Rb8 11. Nac3 d5 12. cxd5 cxd5 13. d4 e4 14. Bd2 b5 15. Qb3
b4 16. Na4 bxa3 17. Qxa3 Nb4 18. Bxb4 axb4 19. Qb3 Ba6 20. Rfe1 Bc4 21. Qd1 b3
22. Qd2 Rc8 23. Nec3 Bb8 24. Bh3 Rc6 25. Nc5 Bd6 26. Nb7 Qb8 27. Nxd6 Qxd6 28.
Ra5 Qb4 29. Nxe4 Qb8 30. Nc5 Ne4 31. Nxe4 Rxe4 32. Rea1 Re8 33. Bd7 Rcc8 34.
Bxe8 Rxe8 35. Rc5 h5 36. Qa5 h4 37. Ra4 hxg3 38. hxg3 Rxe3 39. Qc7 Re1+ 40. Kg2
Qxc7 41. Rxc7 Bd3 42. Ra8+ Kh7 43. Rxf7 Rb1 44. Raa7 Rxb2 45. Rxg7+ 1-0

[Event "24. Torneo Colllado Villalba"]
[Site "Collado Villalba ESP"]
[Date "2007.08.25"]
[Round "3.22"]
[White "De Nacimiento Montaño, Angel"]
[Black "Ramos Aldoradin, John Paul"]
[Result "1-0"]
[WhiteElo "1999"]
[BlackElo "2129"]
[PlyCount "47"]
[EventDate "2007.08.23"]
[EventType "swiss"]
[EventRounds "9"]
[EventCountry "ESP"]
[Source "lmi"]
[SourceDate "2007.08.23"]

1. e4 c5 2. Nf3 d6 3. d4 cxd4 4. Nxd4 Nf6 5. Nc3 a6 6. Be2 Nc6 7. Be3 Bd7 8.
O-O e6 9. Kh1 Nxd4 10. Qxd4 Bc6 11. f4 Qc7 12. Bf3 Rc8 13. Rad1 h5 14. e5 dxe5
15. Bxc6+ Qxc6 16. fxe5 Ng4 17. Qf4 Nh6 18. Ne4 Nf5 19. Ng3 Nxg3+ 20. Qxg3 h4
21. Qf2 Rc7 22. Bg5 Rd7 23. Qxf7+ Rxf7 24. Rd8# 1-0

[Event "24. Torneo Colllado Villalba"]
[Site "Collado Villalba ESP"]
[Date "2007.08.25"]
[Round "3.23"]
[White "Gago Padreny, Ignacio"]
[Black "Sanchez-Alarcos Galian, Victor"]
[Result "0-1"]
[WhiteElo "2124"]
[BlackElo "1958"]
[PlyCount "102"]
[EventDate "2007.08.23"]
[EventType "swiss"]
[EventRounds "9"]
[EventCountry "ESP"]
[Source "lmi"]
[SourceDate "2007.08.23"]

1. d4 d5 2. Nf3 Nf6 3. c4 c6 4. Nc3 dxc4 5. a4 Bf5 6. Nh4 Bd7 7. g3 e6 8. Bg2
Be7 9. e4 Na6 10. Nf3 Nb4 11. Ne5 c5 12. dxc5 Bxc5 13. Nxc4 Bc6 14. Be3 Bxe3
15. Nxe3 Nd3+ 16. Ke2 Nc5 17. Nc4 Ke7 18. Qxd8+ Rhxd8 19. f3 Rd4 20. Ne5 Bxa4
21. Ke3 Rb4 22. Nxa4 Rxa4 23. Rxa4 Nxa4 24. Rc1 Ne8 25. b3 Nb6 26. Ra1 a6 27.
Kd4 Rc8 28. Ra2 Nd6 29. Bf1 f6 30. Ng4 e5+ 31. Kd3 Nb5 32. Ne3 Rc3+ 33. Kd2
Rxb3 34. Nf5+ Kf8 35. Bxb5 Rxb5 36. Rc2 Rb4 37. Rc7 g6 38. Nh6 Rd4+ 39. Ke2 Rd7
40. Rc3 a5 41. Ng4 Ke7 42. f4 exf4 43. gxf4 a4 44. f5 gxf5 45. exf5 Nd5 46. Rc4
b5 47. Re4+ Kf7 48. Kf3 a3 49. Re2 b4 50. Rg2 b3 51. Nh6+ Ke7 0-1

[Event "24. Torneo Colllado Villalba"]
[Site "Collado Villalba ESP"]
[Date "2007.08.25"]
[Round "3.25"]
[White "Torres Samper, Rafael"]
[Black "Cobelas Rodriguez, Pilar"]
[Result "1-0"]
[WhiteElo "2099"]
[BlackElo "1925"]
[PlyCount "73"]
[EventDate "2007.08.23"]
[EventType "swiss"]
[EventRounds "9"]
[EventCountry "ESP"]
[Source "lmi"]
[SourceDate "2007.08.23"]

1. e4 e6 2. d4 d5 3. Nc3 dxe4 4. Nxe4 Nf6 5. Bg5 Be7 6. Bxf6 gxf6 7. Nf3 f5 8.
Ned2 Nc6 9. Nc4 Qd5 10. Nce5 Nxe5 11. Nxe5 Qe4+ 12. Be2 Qxg2 13. Bf3 Qg5 14.
Qe2 a6 15. Bh5 Rf8 16. Rf1 Qf4 17. Rg1 Bf6 18. Nxf7 Rxf7 19. Bxf7+ Kxf7 20.
Qh5+ Ke7 21. Qxh7+ Kd6 22. Rd1 Bd7 23. Qh3 Qe4+ 24. Kd2 Qf4+ 25. Ke1 b5 26. Rg6
Bxd4 27. Qg2 Qe5+ 28. Kf1 Bc6 29. Qg3 Qxg3 30. hxg3 Kc5 31. c3 Be5 32. Rxe6 Re8
33. Rxe8 Bxe8 34. Re1 Kd5 35. f4 Bxf4 36. gxf4 Bf7 37. Re5+ 1-0

[Event "24. Torneo Colllado Villalba"]
[Site "Collado Villalba ESP"]
[Date "2007.08.25"]
[Round "3.26"]
[White "Rodriguez Robles, Ignacio"]
[Black "Sanchez Gonzalez, Sergio"]
[Result "0-1"]
[WhiteElo "1982"]
[BlackElo "2098"]
[PlyCount "72"]
[EventDate "2007.08.23"]
[EventType "swiss"]
[EventRounds "9"]
[EventCountry "ESP"]
[Source "lmi"]
[SourceDate "2007.08.23"]

1. e4 c5 2. Nf3 d6 3. d4 Nf6 4. Nc3 cxd4 5. Nxd4 e6 6. g3 a6 7. Bg2 Be7 8. O-O
O-O 9. Kh1 Qc7 10. f4 Nc6 11. Re1 Nxd4 12. Qxd4 Rd8 13. h3 Rb8 14. g4 b5 15. a3
a5 16. Qf2 b4 17. axb4 axb4 18. Ra7 Bb7 19. Na4 d5 20. Kh2 Nxe4 21. Rxe4 dxe4
22. Bxe4 Rdc8 23. Be3 Bxe4 24. Rxc7 Rxc7 25. c3 Ra8 26. Nc5 Bxc5 27. Bxc5 bxc3
28. bxc3 Bd5 29. Qe3 Ra2+ 30. Kg3 h6 31. Bd4 f6 32. Kh4 Rg2 33. f5 exf5 34.
Qe8+ Kh7 35. Qd8 g5+ 36. Kh5 Bf7# 0-1

[Event "24. Torneo Colllado Villalba"]
[Site "Collado Villalba ESP"]
[Date "2007.08.25"]
[Round "3.27"]
[White "Colet Fernandez, Josep"]
[Black "Cano Mercado, Francisco Manuel"]
[Result "0-1"]
[WhiteElo "2096"]
[BlackElo "1897"]
[PlyCount "176"]
[EventDate "2007.08.23"]
[EventType "swiss"]
[EventRounds "9"]
[EventCountry "ESP"]
[Source "lmi"]
[SourceDate "2007.08.23"]

1. e4 c6 2. c4 d5 3. cxd5 cxd5 4. exd5 Nf6 5. Nc3 Nxd5 6. Bc4 e6 7. Nf3 Nc6 8.
O-O Be7 9. Qe2 O-O 10. d4 Bf6 11. Qe4 Nde7 12. Rd1 Qa5 13. Nb5 a6 14. Nd6 Qh5
15. g4 Qg6 16. Qxg6 Nxg6 17. g5 Be7 18. Ne4 Rd8 19. Be3 b5 20. Be2 Nb4 21. Ne5
Bb7 22. Nxg6 hxg6 23. Bf3 Bd5 24. h4 Nxa2 25. Kg2 Nb4 26. Rac1 Rac8 27. Nc3
Bxf3+ 28. Kxf3 Nd5 29. Nxd5 exd5 30. Ra1 Rc6 31. Rdc1 Rdc8 32. Ke2 Bb4 33. Kd3
a5 34. Bd2 Bxd2 35. Rxc6 Rxc6 36. Kxd2 a4 37. Re1 Kf8 38. Re5 Rd6 39. Kc3 f6
40. Re3 Rc6+ 41. Kb4 Rc4+ 42. Kxb5 Rxd4 43. Kc5 Rxh4 44. gxf6 gxf6 45. Kxd5 Kf7
46. Kc5 Rf4 47. f3 f5 48. b4 axb3 49. Rxb3 Kf6 50. Kd5 Ra4 51. Re3 Kg5 52. Re6
Rf4 53. Re3 Kh4 54. Ke5 Ra4 55. Re1 Ra6 56. Rg1 Kh5 57. Rh1+ Kg5 58. f4+ Kg4
59. Rg1+ Kf3 60. Rf1+ Kg2 61. Rb1 Ra3 62. Rb6 Rg3 63. Rb2+ Kf3 64. Rb3+ Kg4 65.
Rb1 Re3+ 66. Kf6 Kxf4 67. Kxg6 Rg3+ 68. Kf6 Kg4 69. Rb5 f4 70. Rb4 Ra3 71. Ke5
Ra5+ 72. Ke4 f3 73. Rb8 Kg3 74. Ke3 Re5+ 75. Kd2 Re2+ 76. Kd1 Kf2 77. Rf8 Re1+
78. Kd2 Rg1 79. Rf7 Rg3 80. Rf8 Kg1 81. Ke1 Kg2 82. Rf7 Rg6 83. Rf8 Re6+ 84.
Kd2 f2 85. Rg8+ Kf1 86. Rg7 Rh6 87. Rg8 Rh2 88. Ra8 Kg1 0-1

[Event "24. Torneo Colllado Villalba"]
[Site "Collado Villalba ESP"]
[Date "2007.08.25"]
[Round "3.28"]
[White "Arauz Alonso, Fernando"]
[Black "Quintero Torres, Pedro"]
[Result "1-0"]
[WhiteElo "1967"]
[BlackElo "2084"]
[PlyCount "64"]
[EventDate "2007.08.23"]
[EventType "swiss"]
[EventRounds "9"]
[EventCountry "ESP"]
[Source "lmi"]
[SourceDate "2007.08.23"]

1. Nf3 Nf6 2. d4 g6 3. b3 Bg7 4. Bb2 O-O 5. Nbd2 d5 6. e3 Nbd7 7. Be2 c5 8. O-O
Ne4 9. c4 e6 10. Rc1 b6 11. Qc2 Nxd2 12. Nxd2 Bb7 13. Rfd1 cxd4 14. exd4 Rc8
15. Qb1 Qe7 16. Bf3 Rfe8 17. h3 Qh4 18. Nf1 Nf6 19. Ne3 Red8 20. b4 Ne4 21.
Bxe4 dxe4 22. c5 Ba6 23. Nc4 Bh6 24. Rc3 Bxc4 25. Rxc4 e3 26. fxe3 Bxe3+ 27.
Kh1 Rd5 28. Qd3 Bf4 29. Rf1 Rf5 30. d5 e5 31. Bxe5 Rxe5 32. Rcxf4 Rf5 1-0

[Event "24. Torneo Colllado Villalba"]
[Site "Collado Villalba ESP"]
[Date "2007.08.25"]
[Round "3.29"]
[White "Monmeneu Chulia, Vicente J"]
[Black "Garcia Reino, Eduardo J"]
[Result "1/2-1/2"]
[WhiteElo "2078"]
[BlackElo "1889"]
[PlyCount "51"]
[EventDate "2007.08.23"]
[EventType "swiss"]
[EventRounds "9"]
[EventCountry "ESP"]
[Source "lmi"]
[SourceDate "2007.08.23"]

1. d4 d5 2. Nf3 Nf6 3. Bf4 Bf5 4. e3 e6 5. Bd3 Bxd3 6. Qxd3 c6 7. Nc3 Bd6 8.
Ne5 Nh5 9. Bg3 Qc7 10. Nf3 Nd7 11. Bxd6 Qxd6 12. a3 a6 13. Ne2 c5 14. e4 c4 15.
Qe3 dxe4 16. Qxe4 Nhf6 17. Qf4 Qxf4 18. Nxf4 Nd5 19. Nxd5 exd5 20. O-O-O O-O-O
21. Rhe1 f6 22. Re7 Rhg8 23. Rde1 Nb8 24. c3 Nc6 25. R7e6 Kd7 26. R6e2 1/2-1/2

[Event "24. Torneo Colllado Villalba"]
[Site "Collado Villalba ESP"]
[Date "2007.08.25"]
[Round "3.30"]
[White "Hernandez Yañez, Javier"]
[Black "Martinez Ramon, Senen"]
[Result "0-1"]
[WhiteElo "1959"]
[BlackElo "2072"]
[PlyCount "108"]
[EventDate "2007.08.23"]
[EventType "swiss"]
[EventRounds "9"]
[EventCountry "ESP"]
[Source "lmi"]
[SourceDate "2007.08.23"]

1. d4 Nf6 2. c4 e6 3. Nc3 Bb4 4. f3 d5 5. a3 Bxc3+ 6. bxc3 O-O 7. Bg5 h6 8. Bh4
c6 9. e3 Nbd7 10. Bd3 Qa5 11. Ne2 dxc4 12. Bxc4 Nb6 13. Bd3 Qh5 14. Bf2 Qa5 15.
O-O e5 16. Qc1 exd4 17. cxd4 Nbd7 18. e4 Re8 19. Bb1 Nf8 20. Qb2 Bd7 21. Bd3 a6
22. Rfc1 b5 23. Qb4 Qd8 24. Nf4 a5 25. Qd2 Ne6 26. Nxe6 Rxe6 27. Bb1 Re8 28.
Qd3 g6 29. Bh4 g5 30. Bf2 Nh7 31. e5 Nf8 32. f4 gxf4 33. h4 Be6 34. Qf3 Ng6 35.
h5 Nf8 36. Qxf4 Qg5 37. Qxg5+ hxg5 38. Rxc6 Bd5 39. Rc3 Ne6 40. Rg3 Kg7 41. Bd3
b4 42. axb4 axb4 43. Rb1 b3 44. Be2 Ra2 45. Bd3 Kh6 46. Be3 b2 47. Kf2 Rb8 48.
Rh3 Rb4 49. Rhh1 Ra3 50. Rhd1 Ba2 51. d5 Rxd3 52. Rxd3 Bxb1 53. Rd1 Bc2 54. Re1
b1=Q 0-1

[Event "24. Torneo Colllado Villalba"]
[Site "Collado Villalba ESP"]
[Date "2007.08.25"]
[Round "3.31"]
[White "Alvarez Abejon, Amilcar"]
[Black "Collado Barbas, Laura"]
[Result "1-0"]
[WhiteElo "2064"]
[BlackElo "1883"]
[PlyCount "83"]
[EventDate "2007.08.23"]
[EventType "swiss"]
[EventRounds "9"]
[EventCountry "ESP"]
[Source "lmi"]
[SourceDate "2007.08.23"]

1. c4 e6 2. g3 d5 3. Bg2 c6 4. Nf3 Bd6 5. Qc2 Nf6 6. O-O O-O 7. d4 Nbd7 8. Rd1
Re8 9. Nc3 a6 10. e4 Nxe4 11. Nxe4 dxe4 12. Qxe4 Nf6 13. Qe2 Qe7 14. Ne5 c5 15.
Bf4 Nd7 16. Nxd7 Bxd7 17. Bxd6 Qxd6 18. Bxb7 Ra7 19. dxc5 Qc7 20. c6 Bxc6 21.
Bxc6 Qxc6 22. Rd2 Rc7 23. b3 a5 24. Rad1 Rcc8 25. Qe5 a4 26. Rd4 axb3 27. axb3
Qb6 28. R1d3 f6 29. Qd6 Rc6 30. Qd7 Rcc8 31. Rd6 Qa5 32. Qb7 Rb8 33. Qc6 Qf5
34. Rd7 Rbc8 35. Qb7 Rb8 36. Qf3 Qg5 37. Qd1 f5 38. Ra7 Red8 39. Rxd8+ Rxd8 40.
Rd7 Rc8 41. Qd6 Qf6 42. Re7 1-0

[Event "24. Torneo Colllado Villalba"]
[Site "Collado Villalba ESP"]
[Date "2007.08.25"]
[Round "3.32"]
[White "Martinez Alvira, Santiago"]
[Black "Garcia Galeote, Lorenzo"]
[Result "0-1"]
[WhiteElo "1955"]
[BlackElo "2062"]
[PlyCount "54"]
[EventDate "2007.08.23"]
[EventType "swiss"]
[EventRounds "9"]
[EventCountry "ESP"]
[Source "lmi"]
[SourceDate "2007.08.23"]

1. e4 e5 2. f4 d5 3. exd5 e4 4. Bb5+ c6 5. dxc6 Nxc6 6. Qe2 Nf6 7. Nc3 Bf5 8.
h3 Bc5 9. Na4 Bxg1 10. Rxg1 O-O 11. Bxc6 bxc6 12. Nc3 Nd5 13. Nxd5 cxd5 14. g4
Bc8 15. Qf2 Re8 16. Rg3 a5 17. b3 Qf6 18. Rc3 d4 19. g5 Qd6 20. Rc4 e3 21. dxe3
Ba6 22. Ra4 Bb5 23. Ba3 Qc6 24. O-O-O Bxa4 25. Rxd4 Bb5 26. f5 Rad8 27. Rf4 Qc3
0-1

[Event "24. Torneo Colllado Villalba"]
[Site "Collado Villalba ESP"]
[Date "2007.08.25"]
[Round "3.33"]
[White "Esquivias Gomez, Francisco Javier"]
[Black "Minguez Greciano, Iluminada"]
[Result "1-0"]
[WhiteElo "2060"]
[BlackElo "1861"]
[PlyCount "47"]
[EventDate "2007.08.23"]
[EventType "swiss"]
[EventRounds "9"]
[EventCountry "ESP"]
[Source "lmi"]
[SourceDate "2007.08.23"]

1. e4 c6 2. d4 d5 3. exd5 cxd5 4. Bd3 Nc6 5. c3 Nf6 6. Bf4 e6 7. Nf3 Bd6 8.
Bxd6 Qxd6 9. O-O Nd7 10. Re1 O-O 11. Nbd2 e5 12. dxe5 Ndxe5 13. Nxe5 Nxe5 14.
Bxh7+ Kxh7 15. Qh5+ Kg8 16. Rxe5 Rd8 17. Rae1 Be6 18. Nf3 g6 19. Qh4 Kg7 20.
Ng5 Rh8 21. Qd4 Kg8 22. Nxe6 fxe6 23. g3 Rh6 24. Rxe6 1-0

[Event "24. Torneo Colllado Villalba"]
[Site "Collado Villalba ESP"]
[Date "2007.08.25"]
[Round "3.34"]
[White "Laurentiu, Burlacu"]
[Black "Tejedo Meneses, Alvaro"]
[Result "0-1"]
[WhiteElo "1944"]
[BlackElo "2056"]
[PlyCount "70"]
[EventDate "2007.08.23"]
[EventType "swiss"]
[EventRounds "9"]
[EventCountry "ESP"]
[Source "lmi"]
[SourceDate "2007.08.23"]

1. e4 c5 2. Nf3 d6 3. d4 cxd4 4. Nxd4 Nf6 5. Nc3 e6 6. Bc4 a6 7. Be3 Nbd7 8. f3
b5 9. Bxe6 fxe6 10. Nxe6 Qa5 11. Nxf8 Rxf8 12. Qxd6 Kf7 13. e5 Re8 14. f4 b4
15. Ne2 Nd5 16. f5 Nxe5 17. Bc5 b3+ 18. Kf2 Bb7 19. axb3 Qd2 20. Rhd1 Qxc2 21.
Rxd5 Qxf5+ 22. Kg1 Nf3+ 23. gxf3 Bxd5 24. Nd4 Qg5+ 25. Kh1 Qh5 26. Qg3 Kg8 27.
Rg1 g6 28. b4 Re3 29. Rf1 Rae8 30. Kg1 R8e5 31. Kf2 Bxf3 32. Nxf3 Rxf3+ 33.
Qxf3 Qxh2+ 34. Qg2 Rf5+ 35. Ke3 Qxg2 0-1

[Event "24. Torneo Colllado Villalba"]
[Site "Collado Villalba ESP"]
[Date "2007.08.25"]
[Round "3.41"]
[White "Rodriguez Gomez, Vicente"]
[Black "Alcoz Coll, Gonzalo"]
[Result "1/2-1/2"]
[WhiteElo "2148"]
[BlackElo "1920"]
[PlyCount "60"]
[EventDate "2007.08.23"]
[EventType "swiss"]
[EventRounds "9"]
[EventCountry "ESP"]
[Source "lmi"]
[SourceDate "2007.08.23"]

1. e4 e5 2. Nf3 Nf6 3. Nc3 Bb4 4. d3 O-O 5. Be2 d6 6. O-O c6 7. Bg5 Be6 8. d4
exd4 9. Nxd4 Bc8 10. f4 Nbd7 11. e5 dxe5 12. fxe5 Nxe5 13. Ne4 Be7 14. Nxf6+
Bxf6 15. Bxf6 gxf6 16. Nf5 Qxd1 17. Raxd1 Bxf5 18. Rxf5 Rad8 19. Rxf6 Rxd1+ 20.
Bxd1 Rd8 21. Bh5 Kg7 22. Rf2 f6 23. c3 c5 24. h3 b5 25. b3 a5 26. Be2 b4 27.
cxb4 cxb4 28. Bf1 Rd1 29. Kh2 Kg6 30. g4 h6 1/2-1/2

[Event "24. Torneo Colllado Villalba"]
[Site "Collado Villalba ESP"]
[Date "2007.08.25"]
[Round "3.42"]
[White "Clopes Llahi, Judit"]
[Black "Collado Barbas, Alberto"]
[Result "1/2-1/2"]
[WhiteElo "2020"]
[BlackElo "1883"]
[PlyCount "82"]
[EventDate "2007.08.23"]
[EventType "swiss"]
[EventRounds "9"]
[EventCountry "ESP"]
[Source "lmi"]
[SourceDate "2007.08.23"]

1. e4 e6 2. d4 d5 3. e5 c5 4. c3 Nc6 5. Nf3 Qb6 6. a3 Nh6 7. b4 cxd4 8. cxd4
Nf5 9. Bb2 Bd7 10. g4 Nfe7 11. Nc3 Na5 12. Na4 Qc6 13. Nc5 Nc4 14. Qb3 b5 15.
Bd3 Ng6 16. Bc1 Be7 17. h4 f6 18. h5 Nf8 19. Bf4 a5 20. O-O a4 21. Qc2 O-O-O
22. Rfe1 Be8 23. Nd2 Bxc5 24. bxc5 Qb7 25. Qc3 Bc6 26. Bf1 g6 27. Bh3 gxh5 28.
gxh5 Rg8+ 29. Kh2 f5 30. Rg1 Qf7 31. Qf3 Kb7 32. Rxg8 Qxg8 33. Rg1 Qf7 34. Bh6
Nxd2 35. Bxd2 Nd7 36. Qg3 Qxh5 37. Qg5 Qxg5 38. Rxg5 Nf8 39. Rg8 Re8 40. Bh6
Ng6 41. Rg7+ Re7 1/2-1/2